00631nam a2200181Ia 450000500170000000800410001708200200005810000390007824500660011725000190018330000390020265000410024126400440028233600270032633700330035333800280038604000350041420220317000946.0160825s1983 ck g 000 0 spa 04a731.9861 bR81e10aRubiano Caballero, Germánd1938-10aEscultura colombiana del siglo XXcGermán Rubiano Caballero a1a. edición  a210 páginas bláminas c19 cm 142LEMBaEscultura xHistoriaySiglo XX aBogotábFondo Cultural Cafeteroc1983 atextobtxt2rdacontent asin mediaciónbn2rdamedia avolumenbnc2rdacarrier aCO-BoRNBPbspaerdacCO-BoRNBP